| 000 | 00427nam a2200169Ia 4500 | ||
|---|---|---|---|
| 003 | GCL | ||
| 008 | 140319s9999 xx 000 0 eng d | ||
| 040 |
_aGCL / _cGCL |
||
| 082 | 0 | 4 |
_a398.2 _bS R |
| 100 | 1 | _aSHARMA, DAMODAR | |
| 245 | 1 | 0 |
_aRAJ HEGENDS OF HADY EDNA / _cSHARMA, DAMODAR |
| 260 |
_a[S.N] : _bVAN TAGE PRESS ، _c1991 |
||
| 300 | _a336 P | ||
| 650 | 0 | 4 | _aFOLK - LITERATURE |
| 650 | 0 | 4 | _aLEGENDS |
| 942 |
_2ddc _cBK |
||
| 999 |
_c19605 _d19605 |
||